Cacho de curtura [juego] /
Guardado en:
| Formato: | Objeto Físico |
|---|---|
| Publicado: |
Argentina :
Etapa nueva,
[200?]
|
| Materias: | |
| Etiquetas: |
Agregar Etiqueta
Sin Etiquetas, Sea el primero en etiquetar este registro!
|
| LEADER | 00700nrm a22001575g 4500 | ||
|---|---|---|---|
| 001 | CEM.cems019316 | ||
| 008 | 130507b200?##################0###0#####d | ||
| 005 | 20220830114343.0 | ||
| 003 | CEMS | ||
| 245 | 0 | 0 | |a Cacho de curtura [juego] / |c Etapa Nueva, Eductil |
| 260 | |a Argentina : |b Etapa nueva, |c [200?] | ||
| 300 | |a 1 juego (145 tarjetas tema, 100 tarjetas colección, 1 reloj de arena, block de papel, lápiz) ; en caja 20 x 41 x 9 cm. + manual de instrucciones. | ||
| 500 | |a Para 2 ó más jugadores a partir de 18 años objetivo: juntar las cinco tarjetas de cinco colecciones distintas. | ||
| 082 | J | 7 | |3 .73 |
| 653 | |a 1. juegos de preguntas y respuestas | ||
| 859 | |a CEMS |b BIB. CEMS - Ludoteca |h J793.73 |p 408.13 |t Ej.1 | ||
